01301nam a2200265 a 450000500170000000800410001702000150005804100080007309200170008111000540009824501160015225000110026826000290027930000110030850001510031965300530047065300250052365300440054865300560059265300940064865300810074294200120082399900150083595201850085020240521083100.0100406s1985||||xu f |||| 001 0 spa d a9275710074 aspa c614l62sOPS1 aOPS962gOrganización Panamericana de la Salud. aManual de técnicas para una estrategia de comunicación en salud /cOrganización Panamericana de la Salud. a1a ed. aWashington:bOPS;c1985. a108 p. aOrganización Panamericana de la Salud. (1985). Manual de técnicas para una estrategia de comunicación en salud. (1a ed.). Washington : OPS.  aSistemas de aprendizajes propios de la comunidad aTécnias educativas aAnálisis de las técnicas educativas aEvaluación de las estrategías de comunicación aTécnicas y métodos de educación no formal. Algunas experiencias en América Latina aMateriales de apoyo complementarios y combinación de técnicas educativas 2ddccBK c2411d2411 00102ddc4070aBFMbBFMcCRd2017-05-12eDonación Fabiana Garavaglia, Mayo 2017l0o614 62 OPSp3865r2017-05-12tEj.1w2017-05-12yBKzDonación Fabiana Garavaglia, Mayo 2017